|
|
|
|
| LEADER |
00000nab a2200000 a 4500 |
| 001 |
vtls011112728 |
| 003 |
SK-MaSNL |
| 005 |
20260303150610.0 |
| 008 |
230222|2009 xo |||||||||||||||||slo| |
| 015 |
|
|
|a SNBRB
|
| 035 |
|
|
|a (uuid)5c85faeb-c423-4fdf-915a-5a5ed80923fa
|
| 035 |
|
|
|a (urnnbn)urn:nbn:sk:snk:ar-a08gni
|
| 035 |
|
|
|a urn:nbn:sk:snk-ab9j6y
|
| 040 |
|
|
|a SNKBUCL
|b slo
|c SNKBUCL
|e AACR2
|
| 041 |
0 |
|
|a slo
|
| 044 |
|
|
|a xo
|c SK
|
| 100 |
1 |
|
|a Danko, Pavel
|4 aut
|9 292768
|
| 245 |
1 |
0 |
|a RIADIACI SYSTÉM PRE KONTINUÁLNE LISOVANIE DREVOCEMENTOVÝCH KOMPOZITOV
|c Pavel Danko
|
| 246 |
3 |
|
|a CONTROL SYSTEM FOR CONTINUOUS PRESSING OF WOODCEMENT COMPOSITES
|
| 773 |
0 |
|
|t Acta Facultatis technicae Zvolen : vedecký časopis Fakulty environmentálnej a výrobnej techniky
|g Roč. 14, č. 1 (2009), s. 133-138
|
| 954 |
|
|
|a odborná, vedecká literatúra pôvodná (slovenská)
|2 lita
|
| 958 |
|
|
|a OND
|
| 958 |
|
|
|a EUIPO
|
| 958 |
|
|
|a article13
|
| 999 |
|
|
|c 2011920
|d 2013850
|